000 00801nam a2200265 a 4500
001 BRL_1409
005 20190320211205.0
008 130114s1976----u--bo#####---#000-0#eng-#
020 _a0826304087
041 _aeng
044 _au
050 4 _aF1435.B63
_b.B78 1976
100 1 _aBrunhouse, Robert Levere
_d1908-
_926805
245 1 0 _aFrans Blom, maya explorer
_cRobert L. Brunhouse.
260 _aAlbuquerque
_bUniversity of New Mexico
_c1976
300 _axi, 291 p.
_bil.,fotografías, mapas
_c24 cm.
500 _aAu1704
500 _aIncluye dedicatoria a Ruth Lechuga
500 _aIncluye índice
504 _aBibliografía cronológica de Frans Blom: p. 273-284
600 1 4 _aBlom, Frans Ferdinand
_d1893-1963
_926786
650 1 4 _aMayas
_98077
902 _aGRL
942 _2lcc
_cB
999 _c10219
_d10219